Information processing, 68: proceedings of IEIP Congress, 1968 (Record no. 370506)

000 -LEADER
fixed length control field 00518cam a22001337a 4500
008 - FIXED-LENGTH DATA ELEMENTS--GENERAL INFORMATION
fixed length control field 180718b1969 xxu||||| |||| 00| 0 eng d
082 ## - DEWEY DECIMAL CLASSIFICATION NUMBER
Classification number I5537 In8
245 ## - TITLE STATEMENT
Title Information processing, 68: proceedings of IEIP Congress, 1968
Statement of responsibility, etc. edited by A.J.H. Morell and International Federation for Information Processing
260 ## - PUBLICATION, DISTRIBUTION, ETC.
Place of publication, distribution, etc. Amsterdam
Name of publisher, distributor, etc. North-Holland
Date of publication, distribution, etc. 1969
300 ## - PHYSICAL DESCRIPTION
Extent 2v.
650 ## - SUBJECT ADDED ENTRY--TOPICAL TERM
Topical term or geographic name entry element Information Storage and Retrieval System
700 ## - ADDED ENTRY--PERSONAL NAME
Personal name International Federation for Information Processing
700 ## - ADDED ENTRY--PERSONAL NAME
Personal name Morell, A.J.H.
Holdings
Withdrawn status Lost status Damaged status Not for loan Permanent Location Current Location Date acquired Full call number Barcode Date last seen Price effective from Koha item type
        Indian Institute of Public Administration Indian Institute of Public Administration 1994-06-06 I5537 In8 45799 2018-07-21 2018-07-21 Book
        Indian Institute of Public Administration Indian Institute of Public Administration 1994-06-06 I5537 In8 45798 2018-07-21 2018-07-21 Book

Powered by Koha